Комплексные региональные исследования производительных сил СССР: научно-исторический очерк; Ч. 1: Изучение естественных производительных сил (1915 - 1960 гг.)

Bibliografiske detaljer
Sprog:russisk
Udgivet: Москва, СОПС СССР, 1991
Fag:
Format: MixedMaterials Bog
KOHA link:https://koha.lib.tpu.ru/cgi-bin/koha/opac-detail.pl?biblionumber=131262

MARC

LEADER 00000nam0a2200000 4500
001 131262
005 20231031134344.0
020 |a RU  |b 91-48029 
035 |a (RuTPU)RU\TPU\book\142178 
090 |a 131262 
100 |a 20080215g1991 km a0rusy5003 ca 
101 0 |a rus 
102 |a RU 
105 |a a z 000zy 
200 1 |a Комплексные региональные исследования производительных сил СССР  |e научно-исторический очерк  |h Ч. 1: Изучение естественных производительных сил (1915 - 1960 гг.) 
210 |a Москва  |c СОПС СССР  |d 1991 
215 |a 180 с. 
610 1 |a производственные силы 
610 1 |a комплексные исследования 
610 1 |a региональные исследования 
610 1 |a СССР 
610 1 |a исторические очерки 
686 |a У9(2)0  |2 rubbk 
801 0 |a RU  |b RuMRKP  |c 19950417  |g psbo 
801 1 |a RU  |b 63413507  |c 20080215  |g PSBO 
801 2 |a RU  |b 63413507  |c 20081128  |g PSBO 
942 |c BK